Saving the tropical forests

Bibliographic Details
Main Author: GRADWOHL
Other Authors: Greenberg
Format: Book
Published: London : Earthscan Pub. , 1988
Subjects:

MARC

LEADER 00000cam a2200000 7i4500
001 0000002351
005 20030530.0
020 0 0 |a 1853830143 
090 0 0 |a 333.75160913   |b GRA 1988 
100 1 0 |a GRADWOHL   |h Judith 
245 1 0 |a Saving the tropical forests   |c by Judith Gradwohl and Russell Greenberg ; preface by Michael Robinson ; illustrated by Lois Sloan 
260 0 0 |a London :   |b Earthscan Pub. ,   |c 1988 
300 |a 207 p. :   |b ill. ;   |c 22 cm. 
500 0 0 |a Includes index 
650 0 0 |a Deforestation   |x Control   |z Tropics 
650 0 0 |a Forest conservation   |z Tropics 
650 0 0 |a Forest management   |z Tropics 
650 0 0 |a Forest reserves   |z Tropics. 
650 0 0 |a Rain forest ecology 
650 0 0 |a Reforestation   |z Tropics 
650 0 0 |a Sustainable agriculture   |z Tropics 
700 0 1 |a Greenberg   |h Russell 
998 |a JPSM 
999 |a 0000004211   |b Monograph   |c Open Shelf   |e Default branch